00315nam a2200133Ia 4500008004100000020001500041041001200056082001600068100001700084245002200101260003500123300000800158650001500166221030s9999 xx 000 0 und d a8173916519 aEnglish a105.23bTam aB. Tamilmani 0aCapital Budgeting bKanishka Pub.aNew Delhic2004 a196 aManagement